The documentary film makers handbook / (Record no. 3654)

000 -LEADER
fixed length control field 01190cam a2200337 a 4500
001 - CONTROL NUMBER
control field 14660934
003 - CONTROL NUMBER IDENTIFIER
control field OSt
005 - DATE AND TIME OF LATEST TRANSACTION
control field 20161018122707.0
008 - FIXED-LENGTH DATA ELEMENTS--GENERAL INFORMATION
fixed length control field 061208s2006 nyuab 001 0deng
010 ## - LIBRARY OF CONGRESS CONTROL NUMBER
LC control number 2006299822
020 ## - INTERNATIONAL STANDARD BOOK NUMBER
International Standard Book Number 9781441183675 (pbk.)
035 ## - SYSTEM CONTROL NUMBER
System control number (OCoLC)ocm76065623
035 ## - SYSTEM CONTROL NUMBER
System control number (OCoLC)76065623
040 ## - CATALOGING SOURCE
Original cataloging agency ICK
Transcribing agency ICK
Modifying agency DLC
042 ## - AUTHENTICATION CODE
Authentication code lccopycat
050 00 - LIBRARY OF CONGRESS CALL NUMBER
Classification number PN1995.9.J58 2012
082 00 - DEWEY DECIMAL CLASSIFICATION NUMBER
Classification number 791.4302/32092
Edition number 22
100 1# - MAIN ENTRY--PERSONAL NAME
Personal name Jolliffe, Genevieve.
245 14 - TITLE STATEMENT
Title The documentary film makers handbook /
Statement of responsibility, etc by Genevieve Jolliffe and Andrew Zinnes.
250 ## - EDITION STATEMENT
Edition statement 2nd ed.
260 ## - PUBLICATION, DISTRIBUTION, ETC. (IMPRINT)
Place of publication, distribution, etc New York :
Name of publisher, distributor, etc Continuum International Publishing Group,
Date of publication, distribution, etc 2012.
300 ## - PHYSICAL DESCRIPTION
Extent 523 p. :
Other physical details ill., maps ;
Dimensions 25 cm.
500 ## - GENERAL NOTE
General note Includes index.
500 ## - GENERAL NOTE
General note "The Guerilla Guides"--Cover.
650 #0 - SUBJECT ADDED ENTRY--TOPICAL TERM
Topical term or geographic name as entry element Documentary films
General subdivision Production and direction.
650 #0 - SUBJECT ADDED ENTRY--TOPICAL TERM
Topical term or geographic name as entry element Motion picture producers and directors
Form subdivision Interviews.
700 1# - ADDED ENTRY--PERSONAL NAME
Personal name Zinnes, Andrew.
906 ## - LOCAL DATA ELEMENT F, LDF (RLIN)
a 7
b cbc
c copycat
d 2
e ncip
f 20
g y-gencatlg
942 ## - ADDED ENTRY ELEMENTS (KOHA)
Source of classification or shelving scheme
Koha item type Book
Holdings
Withdrawn status Lost status Source of classification or shelving scheme Damaged status Not for loan Home library Current library Shelving location Date acquired Total Checkouts Total Renewals Full call number Barcode Date last seen Date checked out Copy number Price effective from Koha item type
          Riara University Library Riara University Library General stack 18/10/2016 3 1 PN1995.9.J58 2012 8807/16 07/06/2023 11/04/2023 C.1 18/10/2016 Book

Riara University Library,
P.O. Box 49940-00100,
Nairobi, Kenya.